Statistics for Real Madrid Squad 2014-2015

Click here to take the quiz!

General Stats

  • This quiz has been taken 5,873 times
    (5,846 since last reset)
  • The average score is 17 of 22

Answer Stats

NbrPostNationalityPlayer% Correct
7FWPortugalCristiano Ronaldo
98%
11MFWalesGareth Bale
98%
9FWFranceKarim Benzema
96%
4DFSpainSergio Ramos
96%
1GKSpainIker Casillas
95%
3DFPortugalPepe
95%
8MFGermanyToni Kroos
95%
19MFCroatiaLuka Modric
93%
10MFColombiaJames Rodriguez
92%
13GKCosta RicaKeylor Navas
91%
2DFFranceRaphaël Varane
91%
12DFBrazilMarcelo
90%
14FWMexicoJavier Hernandez
76%
6MFGermanySami Khedira
75%
5DFPortugalFabio Coentrao
72%
15DFSpainDaniel Carvajal
69%
23MFSpainIsco
64%
18DFSpainNacho Fernandez
61%
17DFSpainAlvaro Arbeloa
45%
20FWSpainJesé
39%
24MFSpainAsier Illarramendi
20%
25GKSpainFernando Pacheco
13%

Score Distribution

Percentile by Number Answered

Percent of People with Each Score

Your Score History

You have not taken this quiz since the last reset